| 000 | 00829nam a22002057a 4500 | ||
|---|---|---|---|
| 999 |
_c11490 _d11490 |
||
| 003 | AR-CdUCM | ||
| 008 | 190404b ||||| |||| 00| 0 spa d | ||
| 020 | _a84-7017-115-1 | ||
| 040 |
_aMUNICIPALIDAD PROVINCIAL DEL CUSCO _cBIBLIOTECA MUNICIPAL DEL CUSCO |
||
| 082 |
_aES /030 / _bC28 |
||
| 100 |
_aCaratini, Roger _928884 |
||
| 245 |
_aArgos : _bEnciclopedia temática / |
||
| 260 |
_aBarcelona : _bArgos, _c1970. |
||
| 300 |
_a210 paginas _c32 cm. |
||
| 500 | _a2da parte. | ||
| 505 | _aContenido :t.5. Historia universal, de la antigüedad a nuestros días: Europa Escocia e Irlanda -- El reino unido -- Alemania, Austria y Europa central -- Los países escandinavos y otros países europeos -- La primera y la segunda guerras mundiales ... | ||
| 650 |
_aHistoria universal _91423 |
||
| 942 |
_2ddc _cLIBROS |
||
| 945 | _arum | ||